000 00354nam a22001457a 4500
008 250417b ||||| |||| 00| 0 eng d
020 _a9789928341075
041 _aSHQIP
080 _22021
_a82BOY
082 _282BOY
_a82BOY
100 _a01
101 _aGJUHE DHE LETERSI
245 _aNGJARJA E PABESUESHME E BARNIT
_cJOHN BOYNE
942 _2udc
_cBK
999 _c60656
_d60656